[Event "Norway op 7th"]
[Site "Stavanger"]
[Date "2019.06.08"]
[Round "4"]
[White "Frank, Tena"]
[Black "Sneeggen, Espen"]
[Result "0-1"]
[WhiteElo "1937"]
[BlackElo "1585"]
[PlyCount "74"]
[EventDate "2019.06.07"]
[EventType "swiss"]
[EventRounds "7"]
[EventCountry "NOR"]
[SourceTitle "EXT 2020"]
[Source "ChessBase"]
[SourceDate "2019.10.17"]
[SourceVersion "1"]
[SourceVersionDate "2019.10.17"]
[SourceQuality "1"]

1. d4 d5 2. c4 Nc6 3. Nc3 e5 4. cxd5 Nxd4 5. e3 Nf5 6. Nf3 Bd6 7. Bd3 Nf6 8. 0-0 0-0 9. Qc2 Ne7 10. Rd1 Bg4 11. Be2 Ng6 12. h3 Bd7 13. b3 a6 14. Bb2 Qe7 15. Bd3 Rac8 16. Rac1 Nh5 17. Bf5 Rcd8 18. Bxd7 Rxd7 19. Qf5 Nf6 20. g3 Rdd8 21. Ng5 Bb4 22. h4 h6 23. Nge4 Nd7 24. Ne2 Qe8 25. Rxc7 Ne7 26. Qh3 f5 27. N4c3 Bd6 28. Rxb7 Qh5 29. Qf1 g5 30. hxg5 hxg5 31. Kg2 f4 32. exf4 gxf4 33. f3 Nf5 34. Bc1 Nxg3 35. Nxg3 fxg3 36. Qe2 Qh2+ 37. Kf1 Qh1# 0-1